000 00929nam a2200265Ia 4500
008
020 _a068486746X (pbk.)
049 _aMAIN
090 _aR838.5
_bMCA
245 0 0 _aMCAT comprehensive review /
_ceditor: Rochelle Rothstein.
246 1 3 _aKaplan MCAT comprehensive review.
246 3 _aMedical College Admissions Test comprehensive review.
250 _a2000 ed.
260 _aNew York, N.Y. :
_bSimon & Schuster,
_cc1999.
300 _axiv, 1069 p. :
_bill. ;
_c28 cm +
_e1 computer laser optical disc (4 3/4 in.).
650 0 _aMedical colleges
_xEntrance examinations
_vStudy guides.
650 0 _aMedicine
_vExaminations, questions, etc.
700 1 _aRothstein, Rochelle.
710 2 _aStanley H. Kaplan Educational Center.
907 _a.b10221700
_b20-03-12
_c01-12-06
003
005 20230120203935.0
040 _cNUST
942 _cBOOKS
_kR838.5
_mMCA
999 _c114243
_d114243